000
00230nam a2200097Ia 4500
008
120527s9999 xx 000 0 und d
100
_a
STROUD,K.A
245
_a
Further engineering mathematics.
260
_b
Macmillan.
942
_c
BK
999
_c
23810
_d
23810